Can It Be Spelt With Elements? - Statistics

General Stats
  • This quiz has been taken 57 times
  • The average score is 7 of 15
Answer Stats
Question Answer % Correct
Pant No
88%
Chair No
88%
Book Yes
75%
Hurl No
50%
Flap Yes
50%
Chat Yes
50%
Noise Yes
50%
Alpha No
38%
Mayor No
38%
Think Yes
38%
Flag Yes
38%
Fear Yes
38%
Grow No
25%
Hobby Yes
25%
Amber Yes
13%
No matching quizzes found
Score Distribution
Percent of People with Each Score
Percentile by Number Answered
Your Score History
You have not taken this quiz